| 000 | 00903nam a22001935i 4500 | ||
|---|---|---|---|
| 001 | 163815 | ||
| 003 | ES-MaACL | ||
| 005 | 20250929063239.0 | ||
| 008 | 991102s1874 sp |||| | spa d | ||
| 040 |
_aCCPB | B _bspa _cCCPB | B |
||
| 080 | _a821.134.2-2"18" | ||
| 100 | 1 |
_aRodríguez Rubí, Tomás, _d1817-1890 _9131953 |
|
| 245 | 1 | 0 |
_aFiarse del porvenir _b: comedia en cuatro actos y en verso original de Tomás Rodríguez Rubí. |
| 260 |
_aMadrid : _b[s.n.], _c1874 ( _fimprenta de José Rodríguez) |
||
| 300 |
_a104 p. ; _c20 cm. |
||
| 596 | _aEn verso de la antep. consta: "... Administracion Lírico-Dramática de Eduardo Hidalgo ..." | ||
| 852 |
_aES-MaACL _jD-1955(1) _z-- Enc. hol., conservando la cub. original _z-- Legado de Modesto de La Fuente _x-- Edic.: añadir en T260 [Administración Lírico-Dramática] y T598 Dato de ed. tomado de la cub. |
||
| 999 |
_c163815 _d163815 |
||